000 00293nam a2200121Ia 4500
008 260210s9999 xx 000 0 und d
020 _a9780486290614
100 _aAJIT MOOKERJEE
245 0 _a5000 DESIGNS AND MOTIFS FROM INDIA
260 _bDOVER PUB 1996
260 _c1996
942 _cBDES
999 _c14049
_d14049